[Event "9th EUROPEAN  INDIVIDUAL  WOME"]
[Site "Plovdiv, Bulgaria"]
[Date "2008.04.24"]
[Round "4"]
[Board "1"]
[White "Mamedjarova, Turkan"]
[Black "Foisor, Sabina Francesca"]
[Result "1/2-1/2"]
[WhiteElo "2271"]
[BlackElo "2375"]
[PlyCount "91"]
[EventDate "2008.04.21"]
[EventRounds "11"]
[EventCountry "BUL"]

1.d4 d5 2.Nf3 Nf6 3.e3 Bg4 4.Be2 e6 5.O-O Bd6 6.h3 Bh5 7.c4 c6 8.Nbd2 Nbd7 9.c5
Bc7 10.b4 a6 11.a4 O-O 12.Bb2 Qe7 13.b5 e5 14.bxc6 bxc6 15.dxe5 Nxe5 16.Nxe5
Bxe5 17.Bxe5 Qxe5 18.Bxh5 Nxh5 19.Nf3 Qe7 20.Rb1 Nf6 21.Qd4 Ne4 22.Rfc1 a5
23.Rb6 Rac8 24.Nd2 f5 25.Nxe4 fxe4 26.Rcb1 Qh4 27.R1b2 Rf6 28.Rb8 Rxb8 29.Rxb8+
Kf7 30.Qe5 Qxf2+ 31.Kh2 Kg6 32.Qg3+ Qxg3+ 33.Kxg3 Kf7 34.Rb7+ Kf8 35.Rb8+ Ke7
36.Rb7+ Kf8 37.Rb8+ Kf7 38.Rb7+ Kg6 39.Ra7 Kh6 40.Rxa5 d4 41.Ra7 d3 42.Rc7 g6
43.a5 Rf1 44.Rd7 Ra1 45.Kf4 Rxa5 46.Kxe4

[Event "9th EUROPEAN  INDIVIDUAL  WOME"]
[Site "Plovdiv, Bulgaria"]
[Date "2008.04.24"]
[Round "4"]
[Board "1"]
[White "Zimina, Olga"]
[Black "Calzetta, Monica"]
[Result "1-0"]
[WhiteElo "2363"]
[BlackElo "2264"]
[PlyCount "71"]
[EventDate "2008.04.21"]
[EventRounds "11"]
[EventCountry "BUL"]

1.e4 c5 2.Nf3 Nf6 3.e5 Nd5 4.Nc3 e6 5.Ne4 Qc7 6.b3 Nc6 7.Bb2 Be7 8.g3 O-O 9.c4
Ndb4 10.a3 Na6 11.Bg2 Rb8 12.O-O b5 13.Rb1 bxc4 14.bxc4 Rxb2 15.Rxb2 Nxe5 16.Qe2
Nxf3+ 17.Qxf3 Nb8 18.Nc3 Nc6 19.Nb5 Qb6 20.Rbb1 Ba6 21.Qb3 g6 22.Qa4 Bxb5
23.Rxb5 Qc7 24.Rfb1 Nd4 25.Rb7 Qe5 26.Rxd7 Bf6 27.Qxa7 h5 28.Qb7 Qe2 29.Qe4 Qxd2
30.Bf1 Ne2+ 31.Bxe2 Qxd7 32.Rb7 Qd2 33.Ra7 Kg7 34.Bd3 Rd8 35.Qxg6+ Kf8 36.Qxf7#

[Event "9th EUROPEAN  INDIVIDUAL  WOME"]
[Site "Plovdiv, Bulgaria"]
[Date "2008.04.24"]
[Round "4"]
[Board "1"]
[White "Molchanova, Tatjana"]
[Black "Worek, Joanna"]
[Result "1/2-1/2"]
[WhiteElo "2359"]
[BlackElo "2244"]
[PlyCount "62"]
[EventDate "2008.04.21"]
[EventRounds "11"]
[EventCountry "BUL"]

1.e4 c5 2.Ne2 e6 3.d4 cxd4 4.Nxd4 Nf6 5.Bd3 Nc6 6.Be3 d5 7.exd5 Nxd5 8.Nxc6 bxc6
9.Bd2 Qb6 10.c4 Qxb2 11.cxd5 Qxa1 12.Qa4 Qe5+ 13.Kd1 Rb8 14.dxc6 Rxb1+ 15.Bxb1
Bc5 16.Re1 Qxh2 17.Qg4 O-O 18.Bf4 f5 19.Bxf5 exf5 20.Qf3 Qh4 21.Qd5+ Kh8 22.Qxc5
Rd8+ 23.Bd6 Qa4+ 24.Kc1 Qxa2 25.c7 Rg8 26.Qd4 Be6 27.Qc3 h6 28.Be5 Qxf2 29.g3
Qb6 30.Bd4 Qd6 31.Be5 Qb6

[Event "9th EUROPEAN  INDIVIDUAL  WOME"]
[Site "Plovdiv, Bulgaria"]
[Date "2008.04.24"]
[Round "4"]
[Board "1"]
[White "Milliet, Sophie"]
[Black "Franciskovic, Borka"]
[Result "1/2-1/2"]
[WhiteElo "2354"]
[BlackElo "2240"]
[PlyCount "96"]
[EventDate "2008.04.21"]
[EventRounds "11"]
[EventCountry "BUL"]

1.e4 c6 2.d4 d5 3.Nc3 dxe4 4.Nxe4 Bf5 5.Ng3 Bg6 6.Bc4 e6 7.N1e2 Bd6 8.h4 h6
9.Nf4 Bxf4 10.Bxf4 Nf6 11.Qe2 O-O 12.h5 Bh7 13.O-O-O Nd5 14.Bd2 Nd7 15.Ne4 N7f6
16.f3 Nxe4 17.fxe4 Nb6 18.Bb4 Re8 19.e5 a5 20.Bc5 Nxc4 21.Qxc4 b5 22.Qe2 Qd5
23.Kb1 b4 24.Rh3 Rab8 25.Rf1 Red8 26.Rg3 b3 27.Qg4 bxc2+ 28.Kc1 g5 29.hxg6 fxg6
30.Rf6 Qxa2 31.Qxe6+ Qxe6 32.Rxe6 g5 33.Rxh6 Rd7 34.Rxg5+ Kh8 35.e6 Rg7 36.Rxg7
Kxg7 37.Rxh7+ Kxh7 38.e7 Kg7 39.Kxc2 Kf7 40.g3 Rg8 41.Kb3 Rxg3+ 42.Ka4 Rg2
43.Ba3 Rg5 44.Bc5 Rg2 45.Kb3 Ke8 46.Ba3 Kd7 47.Kc4 Rg5 48.Bc5 Rg2

[Event "9th EUROPEAN  INDIVIDUAL  WOME"]
[Site "Plovdiv, Bulgaria"]
[Date "2008.04.24"]
[Round "4"]
[Board "1"]
[White "Umudova, Nargiz"]
[Black "Majdan, Joanna"]
[Result "0-1"]
[WhiteElo "2222"]
[BlackElo "2338"]
[PlyCount "74"]
[EventDate "2008.04.21"]
[EventRounds "11"]
[EventCountry "BUL"]

1.e4 c5 2.Nf3 Nc6 3.Bb5 d6 4.O-O Bd7 5.d4 cxd4 6.Nxd4 g6 7.Re1 Bg7 8.Nb3 Nf6
9.Nc3 O-O 10.Bg5 a6 11.Bf1 Rc8 12.h3 Be6 13.f4 Qb6+ 14.Kh1 Nb4 15.Qd2 Bxb3
16.axb3 a5 17.Bc4 e6 18.f5 exf5 19.exf5 Nh5 20.fxg6 hxg6 21.Bh6 Bxh6 22.Qxh6 d5
23.Bxd5 Ng3+ 24.Kh2 Nf5 25.Qd2 Rfd8 26.Rad1 Kh7 27.Qf4 Rxc3 28.bxc3 Nxd5 29.Qe5
Nf6 30.Rxd8 Qxd8 31.g4 Nh4 32.Kg3 g5 33.Rf1 Kg6 34.Rf2 Qb6 35.c4 Qc6 36.Kh2 Ne4
37.Rf1 Nd2

[Event "9th EUROPEAN  INDIVIDUAL  WOME"]
[Site "Plovdiv, Bulgaria"]
[Date "2008.04.24"]
[Round "4"]
[Board "1"]
[White "Ohme, Melanie"]
[Black "Dworakowska, Joanna"]
[Result "0-1"]
[WhiteElo "2248"]
[BlackElo "2335"]
[PlyCount "62"]
[EventDate "2008.04.21"]
[EventRounds "11"]
[EventCountry "BUL"]

1.e4 c5 2.Nf3 d6 3.d4 cxd4 4.Nxd4 Nf6 5.Nc3 a6 6.Be3 e5 7.Nf3 Be7 8.Bc4 O-O
9.O-O Be6 10.Bb3 Qc7 11.Qe2 Rc8 12.Rfd1 Nbd7 13.Bg5 b5 14.Rac1 Bc4 15.Bxc4 Qxc4
16.Qe1 Qb4 17.Nd5 Qxe1+ 18.Rxe1 Nxd5 19.exd5 f6 20.Be3 f5 21.g3 h6 22.h4 Nf6
23.Red1 Bd8 24.Nh2 Nh5 25.Nf3 Rab8 26.Rd2 Nf6 27.Nh2 Rc4 28.f3 Ba5 29.Rdd1 Rbc8
30.c3 b4 31.cxb4 Bb6

[Event "9th EUROPEAN  INDIVIDUAL  WOME"]
[Site "Plovdiv, Bulgaria"]
[Date "2008.04.24"]
[Round "4"]
[Board "1"]
[White "Benderac, Ana"]
[Black "Jelica, Mara"]
[Result "1-0"]
[WhiteElo "2334"]
[BlackElo "2206"]
[PlyCount "65"]
[EventDate "2008.04.21"]
[EventRounds "11"]
[EventCountry "BUL"]

1.e4 c5 2.Nf3 d6 3.c3 g6 4.d4 cxd4 5.cxd4 Bg7 6.Nc3 Nf6 7.h3 O-O 8.Bd3 Nc6 9.O-O
Nd7 10.Be3 a6 11.Rc1 e5 12.Bb1 Ne7 13.a3 h6 14.Qd2 Kh7 15.Rfd1 Qe8 16.dxe5 Nxe5
17.Nxe5 dxe5 18.Nd5 Nxd5 19.exd5 f5 20.Rc7 Rf7 21.d6 Bd7 22.Rxb7 f4 23.Bb6 f3
24.Be4 fxg2 25.Qd3 Bf5 26.Rxf7 Qxf7 27.d7 Bxe4 28.Qxe4 Qb3 29.Rd3 Qxb6 30.Qxa8
e4 31.d8=Q Qe6 32.Rd7 g5 33.Qh8+

[Event "9th EUROPEAN  INDIVIDUAL  WOME"]
[Site "Plovdiv, Bulgaria"]
[Date "2008.04.24"]
[Round "4"]
[Board "1"]
[White "Romanko, Marina"]
[Black "Makka, Ioulia"]
[Result "1-0"]
[WhiteElo "2325"]
[BlackElo "2204"]
[PlyCount "79"]
[EventDate "2008.04.21"]
[EventRounds "11"]
[EventCountry "BUL"]

1.d4 e6 2.c4 Nf6 3.Nf3 b6 4.a3 Bb7 5.Nc3 d5 6.Bg5 Be7 7.e3 O-O 8.Rc1 Nbd7 9.cxd5
exd5 10.Bd3 Ne4 11.Bxe7 Qxe7 12.O-O c5 13.Bb1 Rfd8 14.Re1 Rac8 15.Qa4 a6 16.dxc5
Ndxc5 17.Qd1 Rc7 18.Ba2 Rd6 19.Ne2 Qd7 20.h3 Qf5 21.Bb1 Qd7 22.Ned4 b5 23.b4 Na4
24.Qe2 Nb6 25.Nd2 Nc3 26.Qd3 Nxb1 27.Rxc7 Qxc7 28.Qxb1 Nc4 29.Qd3 Rg6 30.Nf1 Bc8
31.Ng3 {Diagram #} Bxh3 32.e4 Ne5 33.Qe3 Nc4 34.Qc3 Bd7 35.exd5 h6 36.Ndf5 Bxf5
37.Nxf5 Kh7 38.Qc2 Ne5 39.Qxc7 Nf3+ 40.Kf1

[Event "9th EUROPEAN  INDIVIDUAL  WOME"]
[Site "Plovdiv, Bulgaria"]
[Date "2008.04.24"]
[Round "4"]
[Board "1"]
[White "Bogumil, Tatiana"]
[Black "Sandu, Mihaela"]
[Result "1/2-1/2"]
[WhiteElo "2194"]
[BlackElo "2325"]
[PlyCount "45"]
[EventDate "2008.04.21"]
[EventRounds "11"]
[EventCountry "BUL"]

1.Nf3 f5 2.g3 Nf6 3.Bg2 g6 4.c4 Bg7 5.Nc3 d6 6.d4 O-O 7.O-O Qe8 8.d5 a5 9.Nd4
Na6 10.Bg5 Nc5 11.Bxf6 Bxf6 12.e3 e5 13.dxe6 c6 14.Rb1 Kh8 15.Na4 Nxa4 16.Qxa4
Ra6 17.Qa3 Bxe6 18.Nxe6 Qxe6 19.Rfd1 Rd8 20.Qb3 Rd7 21.Rd3 Ra8 22.Rbd1 Rad8
23.h4

[Event "9th EUROPEAN  INDIVIDUAL  WOME"]
[Site "Plovdiv, Bulgaria"]
[Date "2008.04.24"]
[Round "4"]
[Board "1"]
[White "Galojan, Lilit"]
[Black "Gavasheli, Ana"]
[Result "1-0"]
[WhiteElo "2324"]
[BlackElo "2191"]
[PlyCount "101"]
[EventDate "2008.04.21"]
[EventRounds "11"]
[EventCountry "BUL"]

1.d4 d5 2.c4 e6 3.Nf3 Be7 4.Nc3 Nf6 5.Bg5 h6 6.Bh4 O-O 7.Rc1 Ne4 8.Bxe7 Qxe7
9.g3 Qb4 10.Qb3 Qxb3 11.axb3 Nxc3 12.bxc3 dxc4 13.bxc4 b6 14.e4 Bb7 15.Nd2 Nd7
16.Bd3 e5 17.Ke2 f5 18.f3 f4 19.Ra1 c5 20.d5 a5 21.Bc2 Rf6 22.Ba4 Nf8 23.Rab1
Ng6 24.Rb2 Rd8 25.Rhb1 Rdd6 26.Be8 Bc8 27.Bxg6 Rxg6 28.gxf4 exf4 29.Kd3 Ba6
30.h4 h5 31.Kc2 Bc8 32.Kb3 Rg2 33.e5 Rd8 34.Ne4 Rxb2+ 35.Rxb2 Bf5 36.Nd6 Bd7
37.Ka3 g5 38.hxg5 h4 39.Ne4 Bf5 40.Rh2 h3 41.Nf6+ Kf7 42.e6+ Ke7 43.Nh5 b5
44.cxb5 Rxd5 45.Nxf4 Rd1 46.g6 Kf6 47.Re2 Rf1 48.e7 Bd7 49.Nd5+ Kxg6 50.b6 Rb1
51.Ka2

[Event "9th EUROPEAN  INDIVIDUAL  WOME"]
[Site "Plovdiv, Bulgaria"]
[Date "2008.04.24"]
[Round "4"]
[Board "1"]
[White "Minina, Veronika"]
[Black "Kursova, Maria"]
[Result "1/2-1/2"]
[WhiteElo "2148"]
[BlackElo "2322"]
[PlyCount "91"]
[EventDate "2008.04.21"]
[EventRounds "11"]
[EventCountry "BUL"]

1.Nf3 Nf6 2.c4 c5 3.Nc3 e6 4.g3 b6 5.Bg2 Bb7 6.O-O Be7 7.d4 cxd4 8.Qxd4 d6 9.Bg5
a6 10.Bxf6 Bxf6 11.Qd3 Be7 12.Nd4 Bxg2 13.Kxg2 Ra7 14.f4 Qc8 15.f5 Nc6 16.fxe6
fxe6 17.Nxc6 Qxc6+ 18.Rf3 Bf6 19.Rd1 Rd7 20.Qe4 Qxe4 21.Nxe4 Ke7 22.Nxf6 gxf6
23.Ra3 a5 24.Rb3 Rc8 25.Rd4 Rc6 26.Rh4 Kd8 27.Re3 Re7 28.b3 f5 29.Rd4 Kd7
30.Red3 Rf7 31.Rh4 Ke7 32.Rhd4 e5 33.Rh4 Rc8 34.a4 Rcf8 35.Rd5 Kd7 36.Kf3 Rg8
37.Rb5 Kc6 38.Rd5 h6 39.e3 Rf6 40.Rh5 Rf7 41.Rd1 Kc5 42.Rd5+ Kc6 43.Rd1 Kd7
44.Rd5 Rg6 45.Rb5 Kc6 46.Rd5

[Event "9th EUROPEAN  INDIVIDUAL  WOME"]
[Site "Plovdiv, Bulgaria"]
[Date "2008.04.24"]
[Round "4"]
[Board "1"]
[White "Mamedjarova, Zeinab"]
[Black "Cherednichenko, Elena"]
[Result "1/2-1/2"]
[WhiteElo "2322"]
[BlackElo "2155"]
[PlyCount "48"]
[EventDate "2008.04.21"]
[EventRounds "11"]
[EventCountry "BUL"]

1.d4 Nf6 2.Nc3 d5 3.Bf4 Bf5 4.e3 e6 5.Nf3 Bd6 6.Ne5 c6 7.Bd3 Bxd3 8.cxd3 O-O
9.O-O Na6 10.Rc1 Be7 11.a3 Nd7 12.Ne2 Nxe5 13.dxe5 c5 14.Ng3 Bg5 15.Nh5 Bxf4
16.exf4 Kh8 17.Qg4 Rg8 18.Rfe1 b6 19.Re3 Nc7 20.Rh3 Ne8 21.Ng3 g6 22.Kh1 f5
23.exf6 Qxf6 24.Re1 {.......} Ng7?

[Event "9th EUROPEAN  INDIVIDUAL  WOME"]
[Site "Plovdiv, Bulgaria"]
[Date "2008.04.24"]
[Round "4"]
[Board "1"]
[White "Pavlidou, Ekaterini"]
[Black "Akatova, Ekaterina"]
[Result "0-1"]
[WhiteElo "1978"]
[BlackElo "2320"]
[PlyCount "84"]
[EventDate "2008.04.21"]
[EventRounds "11"]
[EventCountry "BUL"]

1.d4 Nf6 2.c4 g6 3.Nc3 Bg7 4.e4 d6 5.Nf3 O-O 6.Be2 Na6 7.O-O e5 8.d5 h6 9.Qc2
Nb4 10.Qb1 a5 11.a3 Na6 12.b4 Nh5 13.c5 f5 14.cxd6 cxd6 15.Nd2 Nf4 16.Bf3 Bd7
17.Qb3 b5 18.Ne2 a4 19.Qb1 Nxe2+ 20.Bxe2 f4 21.Bb2 h5 22.Qd1 Nc7 23.Rc1 Ne8
24.Rc3 Nf6 25.h3 Kh7 26.Kh2 Rh8 27.g3 Bh6 28.Bf3 Kg7 29.Rg1 Qb6 30.Qe2 Raf8
31.Bc1 fxg3+ 32.fxg3 Ng4+ {Diagram #} 33.Bxg4 Rf2+ 34.Qxf2 Qxf2+ 35.Rg2 Qd4
36.Rc7 hxg4 37.Rxd7+ Kf6 38.h4 Bf4 39.Rxd6+ Ke7 40.Re6+ Kf7 41.Re2 Rxh4+ 42.Kg2
Qd3

[Event "9th EUROPEAN  INDIVIDUAL  WOME"]
[Site "Plovdiv, Bulgaria"]
[Date "2008.04.24"]
[Round "4"]
[Board "1"]
[White "Petrenko, Svetlana"]
[Black "Bednikova, Stefi"]
[Result "1/2-1/2"]
[WhiteElo "2314"]
[BlackElo "2086"]
[PlyCount "99"]
[EventDate "2008.04.21"]
[EventRounds "11"]
[EventCountry "BUL"]

1.e4 c6 2.d4 d5 3.Nc3 dxe4 4.Nxe4 Bf5 5.Ng3 Bg6 6.Nf3 Nf6 7.Bc4 e6 8.Qe2 Be7
9.O-O Nbd7 10.a4 a5 11.Rd1 Qc7 12.Bb3 O-O 13.Nh4 Rfe8 14.Nxg6 hxg6 15.Qf3 Bd6
16.c3 c5 17.dxc5 Nxc5 18.Bc4 Red8 19.Be3 Rac8 20.Bb5 Nd5 21.Bxc5 Bxc5 22.Ne4 Be7
23.Rd4 Nb6 24.Rad1 Rxd4 25.Rxd4 Rd8 26.Qd3 Rxd4 27.Qxd4 Nd5 28.g3 Nf6 29.Nxf6+
Bxf6 30.Qd7 Qxd7 31.Bxd7 Kf8 32.Kf1 Ke7 33.Bb5 [33.Ke2] 33...Be5 34.Ke2 g5 35.h3
Kd6 36.Kd3 Bf6 37.Be8 Ke7 38.Bb5 Kd6 39.b4 Bd8 40.Bc4 Bb6 41.Ke2 axb4 42.cxb4
Bd4 43.Bd3 Bc3 44.Be4 b6 45.b5 Kc5 46.Bc2 Kd4 47.Bh7 Ke5 48.Bc2 Kd4 49.Bh7 Ke5
50.Bc2

[Event "9th EUROPEAN  INDIVIDUAL  WOME"]
[Site "Plovdiv, Bulgaria"]
[Date "2008.04.24"]
[Round "4"]
[Board "1"]
[White "Cosma, Elena Luminita"]
[Black "Nikoladze, Sopio"]
[Result "1-0"]
[WhiteElo "2374"]
[BlackElo "2249"]
[PlyCount "113"]
[EventDate "2008.04.21"]
[EventRounds "11"]
[EventCountry "BUL"]

1.d4 Nf6 2.Nf3 e6 3.g3 b5 4.Bg2 Bb7 5.O-O c5 6.Na3 b4 7.Nc4 d5 8.Nce5 Bd6 9.c3
O-O 10.dxc5 Bxc5 11.Nd3 Qe7 12.Nxc5 Qxc5 13.Be3 Qe7 14.cxb4 Qxb4 15.a3 Qb5
16.Nd4 Qd7 17.Nb3 Qa4 18.Nc5 Qxd1 19.Rfxd1 Bc6 20.Rdc1 Rc8 21.a4 Nfd7 22.Nb3 Nb6
23.Bxb6 axb6 24.e4 Nd7 {Diagram #} 25.Rxc6 Rxc6 26.exd5 exd5 27.Bxd5 Rcc8
28.Bxa8 Rxa8 29.Rd1 Ne5 30.a5 g6 31.axb6 Rb8 32.Rd5 Nf3+ 33.Kg2 Rxb6 34.Nd2 Ne1+
35.Kf1 Nc2 36.b3 h5 37.h4 Kg7 38.Ke2 Kf6 39.Kd1 Nb4 40.Rd4 Ke6 41.Nc4 Ra6 42.Ne3
Nc6 43.Rc4 Ne5 44.Ra4 Rd6+ 45.Ke2 Rb6 46.Re4 Rxb3 47.f4 Rb2+ 48.Kd1 f6 49.fxe5
fxe5 50.Ra4 Rb6 51.Ke2 Rd6 52.Kf3 Kf6 53.Ra5 Rd4 54.Ra6+ Kf7 55.Rc6 Rb4 56.Nc4
Rb3+ 57.Kf2

[Event "9th EUROPEAN  INDIVIDUAL  WOME"]
[Site "Plovdiv, Bulgaria"]
[Date "2008.04.24"]
[Round "4"]
[Board "1"]
[White "Padurariu, Ioana Smaranda"]
[Black "Foisor, Cristina Adela"]
[Result "0-1"]
[WhiteElo "2242"]
[BlackElo "2364"]
[PlyCount "68"]
[EventDate "2008.04.21"]
[EventRounds "11"]
[EventCountry "BUL"]

1.e4 c6 2.Nc3 g6 3.Bc4 Bg7 4.h4 b5 5.Bb3 b4 6.Nce2 Nf6 7.e5 Nd5 8.d4 d6 9.Bxd5
cxd5 10.Bf4 dxe5 11.Bxe5 f6 12.Bg3 Nc6 13.h5 Kf7 14.h6 Bf8 15.Nf3 Bg4 16.Qd3 Rc8
17.c3 e6 18.Nd2 Be7 19.f3 Bf5 20.Qe3 Re8 21.Bh2 e5 22.dxe5 fxe5 23.g4 Bg5 24.Qf2
Bd3 25.Bg3 Kg8 26.Bh4 bxc3 27.bxc3 Nd4 {Diagram #} 28.cxd4 Bxd2+ 29.Kxd2 Qa5+
30.Kxd3 Qa3+ 31.Kd2 Qb2+ 32.Kd3 Qc2+ 33.Ke3 exd4+ 34.Kf4 Qc7+

[Event "9th EUROPEAN  INDIVIDUAL  WOME"]
[Site "Plovdiv, Bulgaria"]
[Date "2008.04.24"]
[Round "4"]
[Board "1"]
[White "Paikidze, Nazi"]
[Black "Popova, Natalija"]
[Result "0-1"]
[WhiteElo "2347"]
[BlackElo "2239"]
[PlyCount "108"]
[EventDate "2008.04.21"]
[EventRounds "11"]
[EventCountry "BUL"]

1.d4 Nf6 2.c4 g6 3.Nc3 d5 4.Bg5 Ne4 5.Bh4 Nxc3 6.bxc3 dxc4 7.e3 Be6 8.Qb1 Qd5
9.Be2 Bf5 10.Qb2 Nd7 11.Nf3 Nb6 12.a4 a5 13.O-O Bg7 14.Nd2 Bd3 15.Bxd3 cxd3
16.Qb1 e5 17.Qxd3 O-O 18.Rfb1 Qd7 19.Qb5 Qe6 20.Nb3 Rfe8 21.Rc1 Qd5 22.Nc5 Qc6
23.Qb3 Rab8 24.Bg3 Nd7 25.Nxd7 Qxd7 26.Rab1 b6 27.Rd1 e4 28.Qc4 Rbc8 29.Rb5 h6
30.h3 Kh7 31.Qb3 Bf8 32.Be5 Bg7 33.Bxg7 Kxg7 34.c4 Qe6 35.Qc3 Kg8 36.d5 Qe5
37.Rd4 Rcd8 38.Qd2 Qd6 39.Qc2 Qa3 40.c5 c6 41.Rxb6 Rxd5 42.Rxd5 cxd5 43.c6 Qd6
44.Qc3 h5 45.Rb7 Rc8 46.c7 Kh7 47.Qxa5 d4 48.exd4 Qxd4 49.Qe1 Qxa4 50.Qc3 Qd7
51.h4 Qd6 52.g3 e3 53.fxe3 Qxg3+ 54.Kf1 Qf3+

[Event "9th EUROPEAN  INDIVIDUAL  WOME"]
[Site "Plovdiv, Bulgaria"]
[Date "2008.04.24"]
[Round "4"]
[Board "1"]
[White "Jackova, Jana"]
[Black "Seps, Monika"]
[Result "1-0"]
[WhiteElo "2345"]
[BlackElo "2237"]
[PlyCount "55"]
[EventDate "2008.04.21"]
[EventRounds "11"]
[EventCountry "BUL"]

1.e4 c5 2.Nf3 d6 3.d4 cxd4 4.Nxd4 Nf6 5.Nc3 a6 6.Bc4 e6 7.a3 Be7 8.Ba2 b5 9.O-O
O-O 10.f4 Bb7 11.Qe2 Nc6 12.Nxc6 Bxc6 13.f5 exf5 14.Rxf5 Qd7 15.Qf3 a5 16.Bg5 b4
17.Nd5 Nxd5 18.exd5 Bb5 19.Be3 g6 20.Rf4 Bg5 {Diagram #} 21.Bd4 Bxf4 22.Qxf4 f5
23.Re1 Rac8 24.Qg5 Rxc2 25.Re6 Rf7 26.Qh6 Rg7 27.Re8+ Kf7 28.Ra8

[Event "9th EUROPEAN  INDIVIDUAL  WOME"]
[Site "Plovdiv, Bulgaria"]
[Date "2008.04.24"]
[Round "4"]
[Board "1"]
[White "Sarakauskiene, Zivile"]
[Black "Levushkina, Elena"]
[Result "1-0"]
[WhiteElo "2198"]
[BlackElo "2291"]
[PlyCount "83"]
[EventDate "2008.04.21"]
[EventRounds "11"]
[EventCountry "BUL"]

1.e4 e5 2.Nf3 Nc6 3.d4 exd4 4.Bc4 Bc5 5.c3 Nf6 6.e5 d5 7.Bb5 Ne4 8.cxd4 Bb4+
9.Bd2 Nxd2 10.Nbxd2 O-O 11.O-O Bd7 12.Bxc6 Bxc6 13.a3 Be7 14.Re1 Bd7 15.Qb3 Bc8
16.Rac1 c6 17.h3 Qb6 18.Qc2 Qc7 19.Nf1 Be6 20.Ng3 Qd7 21.Qd2 b6 22.Ne2 c5 23.Rc3
c4 24.Nh2 b5 25.Rg3 Bh4 26.Rf3 a5 27.Ng3 Be7 28.Nh5 Bf5 29.Qf4 Bg6 30.Nf6+
{Diagram #} Bxf6 31.exf6 Rfe8 32.Rxe8+ Rxe8 33.Ng4 Qd8 34.fxg7 Kxg7 35.Qh6+ Kh8
36.Ne5 Kg8 37.h4 Rxe5 38.dxe5 Qf8 39.Qf4 Qe7 40.Qd4 Qd7 41.Rf6 Be4 42.f3

[Event "9th EUROPEAN  INDIVIDUAL  WOME"]
[Site "Plovdiv, Bulgaria"]
[Date "2008.04.24"]
[Round "4"]
[Board "1"]
[White "Voicu, Carmen"]
[Black "Tsiganova, Monika"]
[Result "1-0"]
[WhiteElo "2290"]
[BlackElo "2198"]
[PlyCount "83"]
[EventDate "2008.04.21"]
[EventRounds "11"]
[EventCountry "BUL"]

1.e4 e5 2.Nf3 Nc6 3.Bb5 a6 4.Ba4 Nf6 5.O-O Be7 6.Bxc6 dxc6 7.d3 Bg4 8.Nbd2 Nd7
9.b3 Bb4 10.Bb2 Qe7 11.c3 Ba3 12.Bxa3 Qxa3 13.Nc4 Qe7 14.Ne3 Bxf3 15.Qxf3 O-O-O
16.b4 g6 17.a4 Qe6 18.Rfb1 Nb6 19.Qe2 f5 20.b5 f4 21.bxa6 fxe3 22.axb7+ Kxb7
23.a5 exf2+ 24.Qxf2 Rhf8 25.Qe3 Ra8 26.h3 Qd6 27.axb6 Rxa1 28.Rxa1 cxb6 29.d4
Rd8 30.Qe2 b5 31.Qa2 exd4 32.Qa6+ Kc7 33.Qa7+ Kc8 34.Qb6 Kd7 35.cxd4 Rb8 36.Qa7+
Kd8 37.e5 Qc7 38.Qc5 Qb6 39.Qf8+ Kc7 40.Qe7+ Kc8 41.Kh1 Qc7 42.Qe6+

[Event "9th EUROPEAN  INDIVIDUAL  WOME"]
[Site "Plovdiv, Bulgaria"]
[Date "2008.04.24"]
[Round "4"]
[Board "1"]
[White "Grapsa, Georgia"]
[Black "Srebrnic, Ana"]
[Result "0-1"]
[WhiteElo "2098"]
[BlackElo "2283"]
[PlyCount "80"]
[EventDate "2008.04.21"]
[EventRounds "11"]
[EventCountry "BUL"]

1.d4 Nf6 2.c4 g6 3.Nc3 Bg7 4.e4 d6 5.Nge2 O-O 6.Ng3 e5 7.d5 a5 8.h4 Na6 9.h5 Nc5
10.h6 Bh8 11.Bg5 c6 12.Qf3 Bg4 13.Bxf6 Qc8 14.Qe3 Bxf6 15.f3 Bd7 16.O-O-O Qd8
17.Kb1 Bg5 18.Qg1 Qc7 19.Qh2 a4 20.a3 Nb3 21.Bd3 c5 22.Nge2 Rfb8 23.f4 exf4
24.e5 dxe5 25.Ne4 Qd8 26.Qg1 b6 27.g4 Kh8 28.N2c3 Nd4 29.Qg2 f3 30.Qg1 Ra7
31.Re1 Bc8 32.Nf2 f6 33.Nfe4 Bf4 34.Nf2 Ba6 35.Nh3 Bd2 36.Re4 Bxc3 37.bxc3 b5
38.Kc1 bxc4 39.cxd4 cxd3 40.Qe1 cxd4

[Event "9th EUROPEAN  INDIVIDUAL  WOME"]
[Site "Plovdiv, Bulgaria"]
[Date "2008.04.24"]
[Round "4"]
[Board "1"]
[White "Andriasian, Siranush"]
[Black "Danelia, Mariam"]
[Result "0-1"]
[WhiteElo "2278"]
[BlackElo "2129"]
[PlyCount "104"]
[EventDate "2008.04.21"]
[EventRounds "11"]
[EventCountry "BUL"]

1.e4 c5 2.Nf3 d6 3.d4 cxd4 4.Nxd4 Nf6 5.Nc3 a6 6.Bg5 e6 7.f4 Be7 8.Qf3 Qc7
9.O-O-O Nbd7 10.g4 O-O 11.Bxf6 Bxf6 12.g5 Bxd4 13.Rxd4 b5 14.Bg2 Rb8 15.Rhd1 Rb6
16.Qh5 Nc5 17.Kb1 b4 18.Ne2 Bb7 19.Ng3 Rc8 20.R4d2 Na4 21.Rf2 {Diagram #} Nc3+
22.Ka1 Qc4 23.b3 Qc5 24.Rfd2 Nxd1 25.Qxd1 a5 26.Bf1 Ba6 27.Bxa6 Rxa6 28.Kb1 a4
29.Ne2 axb3 30.cxb3 Rac6 31.Nd4 Qc1+ 32.Qxc1 Rxc1+ 33.Kb2 Rf1 34.f5 d5 35.exd5
exd5 36.a3 bxa3+ 37.Kxa3 Rf4 38.Kb2 Rg4 39.Nf3 Rf4 40.Nd4 Rg4 41.Nf3 Rc5 42.h4
Rf4 43.Rd3 Re4 44.Rd2 Rf4 45.Rd3 Rc8 46.Re3 Rxf5 47.b4 Rb8 48.Rb3 Rxf3 49.Rxf3
Rxb4+ 50.Kc3 Rxh4 51.Rf5 d4+ 52.Kd3 Rg4

[Event "9th EUROPEAN  INDIVIDUAL  WOME"]
[Site "Plovdiv, Bulgaria"]
[Date "2008.04.24"]
[Round "4"]
[Board "1"]
[White "Ivkina, Olga"]
[Black "Bulmaga, Irina"]
[Result "0-1"]
[WhiteElo "2278"]
[BlackElo "2106"]
[PlyCount "116"]
[EventDate "2008.04.21"]
[EventRounds "11"]
[EventCountry "BUL"]

1.e4 c6 2.d4 d5 3.e5 Bf5 4.Nc3 a6 5.Be3 e6 6.g4 Bg6 7.h4 h5 8.g5 c5 9.Nge2 Nc6
10.Nf4 cxd4 11.Nxg6 fxg6 12.Bxd4 Qc7 13.Ne2 Qf7 14.Qd2 Nge7 15.O-O-O Nf5 16.Rh3
Bb4 17.c3 Be7 18.Rf3 O-O 19.Bh3 Ncxd4 20.Nxd4 Bc5 21.Bxf5 gxf5 22.g6 Qxg6 23.Rg3
Qf7 24.Rdg1 Bxd4 25.Rxg7+ Qxg7 26.Rxg7+ Kxg7 27.Qg5+ Kh7 28.Qxh5+ Kg7 29.Qg5+
Kh7 30.cxd4 Rf7 31.a3 Rg8 32.Qh5+ Kg7 33.Kb1 Rh8 34.Qg5+ Kh7 35.Ka2 Rc8 36.h5
Rg8 37.Qd2 Rc8 38.Qb4 Rcc7 39.Qd6 Rce7 40.Qd8 Kh6 41.b4 Kxh5 42.Kb3 Kg4 43.b5
axb5 44.Qa5 Rc7 45.Qe1 f4 46.Qe2+ f3 47.Qxb5 Kh3 48.Qe8 Rce7 49.Qh8+ Rh7 50.Qg8
Rhg7 51.Qh8+ Kg2 52.Qh4 Rc7 53.a4 Rg6 54.a5 Rcg7 55.Kc3 Rg4 56.Qh6 Kxf2 57.Qxe6
Kg1 58.Qxd5 f2

[Event "9th EUROPEAN  INDIVIDUAL  WOME"]
[Site "Plovdiv, Bulgaria"]
[Date "2008.04.24"]
[Round "4"]
[Board "1"]
[White "Bensdorp, Marlies"]
[Black "Ni, Viktorija"]
[Result "0-1"]
[WhiteElo "2268"]
[BlackElo "2120"]
[PlyCount "90"]
[EventDate "2008.04.21"]
[EventRounds "11"]
[EventCountry "BUL"]

1.d4 Nf6 2.c4 g6 3.Nf3 Bg7 4.g3 O-O 5.Bg2 d6 6.O-O Nc6 7.Nc3 a6 8.h3 Bd7 9.Be3
Rb8 10.Rc1 b5 11.Nd2 e5 12.dxe5 Nxe5 13.cxb5 axb5 14.f4 Nc4 15.Nxc4 bxc4 16.Qd2
Qe7 17.Ba7 Rbe8 18.Bf2 Bf5 19.e4 Nxe4 20.Nxe4 Bxe4 21.Rfe1 d5 22.Bxe4 dxe4
23.Rxc4 Rd8 24.Qc2 Qe6 25.Kh2 Rd2 26.Qxd2 Qxc4 27.b3 Qe6 28.Qc2 f5 29.b4 Rd8
30.a4 Qd6 31.b5 h5 32.h4 Kh7 33.a5 Qb4 34.Qxc7 Rd2 35.Kg1 Qb2 36.Qc5 Rxf2
37.Qxf2 Bd4 38.Re3 Qc1+ 39.Kg2 Bxe3 40.Qf1 Qxf1+ 41.Kxf1 Kg7 42.Ke2 Bc5 43.b6
Kf6 44.Kd1 Ke6 45.Kc2 Kd7

[Event "9th EUROPEAN  INDIVIDUAL  WOME"]
[Site "Plovdiv, Bulgaria"]
[Date "2008.04.24"]
[Round "4"]
[Board "1"]
[White "Maksimovic, Suzana"]
[Black "Foisor, Mihaela Veronica"]
[Result "1-0"]
[WhiteElo "2264"]
[BlackElo "2088"]
[PlyCount "105"]
[EventDate "2008.04.21"]
[EventRounds "11"]
[EventCountry "BUL"]

1.d4 d5 2.c4 e6 3.e3 Nf6 4.Nf3 dxc4 5.Bxc4 c5 6.O-O a6 7.Qe2 b5 8.Bb3 Bb7 9.a4
b4 10.Rd1 Nbd7 11.a5 Qc7 12.Nbd2 Be7 13.Nc4 O-O 14.Nfe5 Rfd8 15.Bd2 Nxe5 16.dxe5
Ne4 17.Be1 h6 18.f3 Ng5 19.Bg3 Rxd1+ 20.Rxd1 Bd5 21.h4 Nh7 {Diagram #} 22.Rxd5
exd5 23.Nb6 Rd8 24.Bxd5 Bf8 25.Qxa6 Nf6 26.e4 c4 27.Bxc4 Rd1+ 28.Kh2 Nh5 29.Qc8
Qxc8 30.Nxc8 Bc5 31.e6 fxe6 32.Bxe6+ Kf8 33.Nb6 Nxg3 34.Kxg3 Ke7 35.Bd5 h5
36.Nc4 Ra1 37.Kf4 Bd6+ 38.Kg5 Bc7 39.Kxh5 Bxa5 40.Nxa5 Rxa5 41.b3 Ra2 42.g3 Rg2
43.Kg4 Kf6 44.f4 Rg1 45.h5 Rd1 46.Kf3 Rd3+ 47.Kg2 Rd1 48.g4 Rd3 49.g5+ Ke7 50.f5
Re3 51.h6 gxh6 52.f6+ Kf8 53.g6